The adult university
Saved in:
| Format: | Book |
|---|---|
| Language: | English |
| Published: |
Society for Research into Higher Education & Open University Press
1999.
|
| Tags: |
Add Tag
No Tags, Be the first to tag this record!
|
MARC
| LEADER | 00000nam a22000007a 4500 | ||
|---|---|---|---|
| 008 | 211029b ||||| |||| 00| 0 eng d | ||
| 020 | |a 0335199070 | ||
| 245 | |a The adult university |c Etienne Bourgeois ... [et al.] |g 194 p. : ill. | ||
| 260 | |b Society for Research into Higher Education & Open University Press |c 1999. |h Buckingham [England] |i 641401 |l LC5219 .B66 |m Adult education--Cross-cultural studies. |m Education, Higher--Cross-cultural studies. |m Universities and colleges--Administration--Cross-cultural studies. . |m Educational change--Cross-cultural studies | ||
| 500 | |a Includes bibliographical references and index. | ||
| 942 | |a lcc |c BK |e Adeyeye Y. S. |f 29/10/21 | ||
| 952 | |0 0 |1 0 |2 lcc |4 0 |6 LC5219 B66 |7 0 |9 3771 |a HOL |b HOL |c LP |d 2021-10-29 |l 0 |o LC 5219 .B66 |p 2021-67503 |r 2021-10-29 00:00:00 |w 2021-10-29 |y BK | ||
| 999 | |c 1880 |d 1880 | ||